00716nam a2200157 a 450000100080000000500110000800800410001910000180006024500860007826003110016430000140047565000100048965000180049970000160051770000250053314882202018-06-04 2004 bl uuuu u00u1 u #d1 aCOELHO, A. M. aDesafios para obtenção de altas produtividades de milho.h[electronic resource] aIn: CONGRESSO NACIONAL DE MILHO E SORGO, 25.; SIMPOSIO BRASILEIRO SOBRE A LAGARTA-DO-CARTUCHO, SPODOPTERA FRUGIPERDA, 1., 2004, Cuiabá, MT. Da agricultura familiar ao agronegócio: tecnologia, competitividade e sustentabilidade: [palestras]. Sete Lagoas: ABMS: Embrapa Milho e Sorgo; Cuiabá: Empaerc2004 c1 CD-ROM. aMilho aProdutividade1 aCRUZ, J. C.1 aPEREIRA FILHO, I. A.